000 00694nam a2200289Ia 4500
005 20260324145931.0
008 008 260324s9999 xx 000 0 eng d
020 _a9781003373155
037 _aEBOOK
040 _aCRL
040 _beng
040 _cCRL
041 _2eng
041 _aeng
084 _qCRL
100 _aDavid Gillard
_91224699
245 4 _aThe Struggle for Asia 1828–1914
245 2 _bA Study in British and Russian Imperialism
260 _bTaylor and Francis
260 _c1977
365 _a
365 _b160
856 _uhttp://www.taylorfrancis.com/books/9781003373155
942 _cEBOOK
999 _c1833311
_d1833311